[Event "GER CM01-D email"]
[Site "GER email"]
[Date "2014.09.25"]
[Round "?"]
[White "Bars, Joachim"]
[Black "Dorosiev, Boby"]
[Result "1/2-1/2"]
[WhiteElo "2334"]
[BlackElo "2295"]
[PlyCount "50"]
[EventDate "2014.??.??"]
[EventType "tourn (corr)"]
[EventRounds "12"]
[EventCountry "GER"]
[SourceTitle "Corr 2017"]
[Source "ChessBase"]
[SourceDate "2017.09.19"]
[SourceVersion "1"]
[SourceVersionDate "2017.09.19"]
[SourceQuality "1"]

1. d4 Nf6 2. c4 e6 3. Nf3 d5 4. Nc3 Be7 5. Bf4 0-0 6. e3 Nbd7 7. c5 Nh5 8. Bd3 b6 9. b4 a5 10. a3 Nxf4 11. exf4 c6 12. 0-0 Qc7 13. g3 Ba6 14. Bxa6 Rxa6 15. Qe2 Raa8 16. Rfb1 Bf6 17. Ne5 Rfb8 18. Kg2 h6 19. Qc2 Nxe5 20. fxe5 Bd8 21. Na4 b5 22. Nc3 f6 23. f4 Qf7 24. Na2 f5 25. Nc1 g5 1/2-1/2

[Event "GER CM01-D email"]
[Site "GER email"]
[Date "2014.09.25"]
[Round "?"]
[White "Dorosiev, Boby"]
[Black "Krebs, Juergen"]
[Result "1/2-1/2"]
[WhiteElo "2295"]
[BlackElo "2271"]
[PlyCount "53"]
[EventDate "2014.??.??"]
[EventType "tourn (corr)"]
[EventRounds "12"]
[EventCountry "GER"]
[SourceTitle "Corr 2017"]
[Source "ChessBase"]
[SourceDate "2017.09.19"]
[SourceVersion "1"]
[SourceVersionDate "2017.09.19"]
[SourceQuality "1"]

1. Nf3 d5 2. d4 Nf6 3. c4 c6 4. Qc2 dxc4 5. Qxc4 Bg4 6. Nc3 Nbd7 7. e4 Bxf3 8. gxf3 e5 9. Be3 exd4 10. Bxd4 Bd6 11. 0-0-0 Qe7 12. Ne2 Bc5 13. Ng3 Bxd4 14. Qxd4 g6 15. Kb1 Qc5 16. f4 0-0-0 17. e5 Qxd4 18. Rxd4 Nd5 19. Ne4 Kc7 20. Ng5 Rdf8 21. Bc4 h6 22. Nxf7 Rxf7 23. Bxd5 cxd5 24. Rc1+ Kb6 25. e6 Rfh7 26. Rb4+ Ka6 27. exd7 1/2-1/2

[Event "GER CM01-D email"]
[Site "GER email"]
[Date "2014.09.25"]
[Round "?"]
[White "Dorosiev, Boby"]
[Black "Molzahn, Norbert"]
[Result "1/2-1/2"]
[WhiteElo "2295"]
[BlackElo "2304"]
[PlyCount "67"]
[EventDate "2014.??.??"]
[EventType "tourn (corr)"]
[EventRounds "12"]
[EventCountry "GER"]
[SourceTitle "Corr 2017"]
[Source "ChessBase"]
[SourceDate "2017.09.19"]
[SourceVersion "1"]
[SourceVersionDate "2017.09.19"]
[SourceQuality "1"]

1. Nf3 c5 2. e4 Nc6 3. d4 cxd4 4. Nxd4 Nf6 5. Nc3 e5 6. Ndb5 d6 7. Bg5 a6 8. Na3 b5 9. Nd5 Be7 10. Bxf6 Bxf6 11. c3 0-0 12. Nc2 Rb8 13. h4 Be6 14. Nce3 Be7 15. a4 Qd7 16. Be2 Bd8 17. axb5 axb5 18. h5 Bg5 19. 0-0 h6 20. Ra6 Bxe3 21. Rxc6 Kh8 22. Ra6 Ba7 23. Qd2 f5 24. Rfa1 Rb7 25. exf5 Bxf5 26. Ne3 Be4 27. Qxd6 Qxd6 28. Rxd6 Rbf7 29. Bxb5 Bc5 30. Rd2 Rxf2 31. Rxf2 Bxe3 32. Raf1 g6 33. hxg6 Kg7 34. Be2 1/2-1/2

[Event "GER CM01-D email"]
[Site "GER email"]
[Date "2014.09.25"]
[Round "?"]
[White "Dorosiev, Boby"]
[Black "Peterc, Ciril"]
[Result "1/2-1/2"]
[WhiteElo "2295"]
[BlackElo "2336"]
[PlyCount "119"]
[EventDate "2014.??.??"]
[EventType "tourn (corr)"]
[EventRounds "12"]
[EventCountry "GER"]
[SourceTitle "Corr 2017"]
[Source "ChessBase"]
[SourceDate "2017.09.19"]
[SourceVersion "1"]
[SourceVersionDate "2017.09.19"]
[SourceQuality "1"]

1. d4 Nf6 2. c4 e6 3. Nc3 Bb4 4. e3 0-0 5. Bd3 d5 6. Nf3 c5 7. 0-0 Nc6 8. a3 Bxc3 9. bxc3 b6 10. cxd5 exd5 11. Ne5 Bb7 12. Nxc6 Bxc6 13. f3 Re8 14. a4 Qc7 15. Re1 c4 16. Bc2 g6 17. Qe2 Re6 18. Qf2 h5 19. Ba3 Rae8 20. Bb4 a5 21. Ba3 Kg7 22. Bc1 Nd7 23. Bd2 f5 24. Rab1 Nf6 25. Qh4 Nd7 26. Re2 Qd6 27. h3 Qe7 28. Qf4 Qd6 29. Qg5 Qe7 30. Qf4 Qd6 31. Qxd6 Rxd6 32. Be1 Rde6 33. Bf2 Kf7 34. Kf1 f4 35. Rbe1 fxe3 36. Rxe3 Rxe3 37. Bxe3 b5 38. axb5 Bxb5 39. Kf2 Bc6 40. Ra1 Rb8 41. Bc1 a4 42. Ba3 Nf8 43. g4 h4 44. f4 Ne6 45. Kf3 Nc7 46. Bd6 Rb7 47. Re1 Nb5 48. Bxa4 Nxd4+ 49. Ke3 Nf5+ 50. gxf5 Bxa4 51. fxg6+ Kxg6 52. Rg1+ Kf5 53. Rg5+ Ke6 54. Bc5 Bc2 55. Re5+ Kf6 56. Rxd5 Bf5 57. Rd6+ Kg7 58. Bd4+ Kh7 59. Bf6 Rd7 60. Rd4 1/2-1/2